[Event "TUR-ch (Women)"]
[Site "Ayvalik"]
[Date "2022.03.09"]
[Round "7"]
[White "Alev, Gonulden Seda"]
[Black "Engel, Ecrin Tuana"]
[Result "1-0"]
[WhiteElo "1561"]
[BlackElo "1255"]
[PlyCount "77"]
[EventDate "2022.03.05"]
[EventType "swiss"]
[EventRounds "9"]
[EventCountry "TUR"]
[SourceTitle "EXT 2023"]
[Source "ChessBase"]
[SourceDate "2022.10.05"]
[SourceVersion "1"]
[SourceVersionDate "2022.10.05"]
[SourceQuality "1"]

1. e4 c5 2. Nf3 e6 3. c4 Nc6 4. d4 cxd4 5. Nxd4 Nge7 6. Nc3 Nxd4 7. Qxd4 Nc6 8. Qd1 Bb4 9. Bd2 0-0 10. a3 Be7 11. Be3 b6 12. Be2 Bb7 13. 0-0 Bf6 14. Rc1 Rc8 15. b4 Bxc3 16. Rxc3 Ne7 17. Qc2 d5 18. exd5 exd5 19. Rd1 Qc7 20. Bg4 f5 21. Be2 dxc4 22. Rxc4 Qb8 23. Rd7 Ng6 24. Bd4 Rf7 25. Rxf7 Kxf7 26. Qxf5+ Kg8 27. Qd7 Ne5 28. Bxe5 Qxe5 29. Rxc8+ Bxc8 30. Qxc8+ Kf7 31. Qd7+ Kf8 32. Qd3 g6 33. g3 Qb2 34. Bf3 Qc1+ 35. Kg2 Qc7 36. Qd5 a5 37. b5 Ke7 38. a4 h5 39. Be4 1-0

[Event "TUR-ch (Women)"]
[Site "Antalya"]
[Date "2019.03.09"]
[Round "9"]
[White "Caglar, Sila"]
[Black "Alev, Gonulden Seda"]
[Result "1-0"]
[WhiteElo "2094"]
[BlackElo "1567"]
[PlyCount "63"]
[EventDate "2019.03.03"]
[EventType "swiss"]
[EventRounds "9"]
[EventCountry "TUR"]
[SourceTitle "CBM 189 Extra"]
[Source "ChessBase"]
[SourceDate "2019.06.03"]
[SourceVersion "1"]
[SourceVersionDate "2019.06.03"]
[SourceQuality "1"]

1. e4 c5 2. Nc3 e6 3. Nf3 Nc6 4. d4 cxd4 5. Nxd4 d6 6. Be2 Nf6 7. 0-0 e5 8. Nb3 Be6 9. Bg5 Be7 10. Qd2 a6 11. Rad1 Qc7 12. Bxf6 gxf6 13. Nd5 Qd8 14. c3 f5 15. exf5 Bxf5 16. f4 e4 17. Qe3 Rg8 18. Kh1 Rb8 19. Nd2 Rg6 20. g4 Bxg4 21. f5 Bxe2 22. fxg6 Bxf1 23. gxf7+ Kd7 24. Rxf1 Ne5 25. Nxe4 Kc6 26. Nb4+ Kc7 27. Rg1 Bf8 28. Nd5+ Kc6 29. Nef6 Nxf7 30. Rg8 Qa5 31. b4 Qxa2 32. Qb6# 1-0

[Event "TUR-chT 2nd League"]
[Site "Konya"]
[Date "2018.07.16"]
[Round "1.4"]
[White "Eroltu, Ceylan"]
[Black "Alev, Gonulden Seda"]
[Result "0-1"]
[WhiteElo "1306"]
[BlackElo "1563"]
[PlyCount "152"]
[EventDate "2018.07.16"]
[EventType "team-swiss"]
[EventRounds "9"]
[EventCountry "TUR"]
[SourceTitle "EXT 2019"]
[Source "ChessBase"]
[SourceDate "2018.10.10"]
[SourceVersion "1"]
[SourceVersionDate "2018.10.10"]
[SourceQuality "1"]
[WhiteTeam "Corum Belediye"]
[BlackTeam "Olbia VE Spor"]
[WhiteTeamCountry "TUR"]
[BlackTeamCountry "TUR"]

1. e4 c5 2. Nf3 g6 3. Bc4 Bg7 4. 0-0 e6 5. Nc3 Nc6 6. d3 a6 7. a3 Nge7 8. Ne2 b5 9. Ba2 Bb7 10. c3 d5 11. exd5 exd5 12. d4 c4 13. Bf4 0-0 14. Ng3 Bc8 15. Bb1 Bd7 16. Re1 Re8 17. Bc2 Qb6 18. Qd2 a5 19. Bd6 Be6 20. Bc5 Qc7 21. a4 b4 22. cxb4 Nxb4 23. Bxb4 axb4 24. Qxb4 Reb8 25. Qc3 Qb6 26. Reb1 Nc6 27. Ne2 Bg4 28. Nf4 Bxf3 29. Qxf3 Nxd4 30. Qd1 Qd6 31. g3 Be5 32. Ng2 Nxc2 33. Qxc2 Qb4 34. Ne3 Ra5 35. Nd1 d4 36. Rc1 Rc5 37. Qe4 d3 38. Nc3 d2 39. Rcb1 Rd8 40. Qc2 Rd3 41. a5 Rxa5 42. Rxa5 Qxa5 43. Nd1 Qb4 44. Ne3 Rd4 45. Ra1 Qb3 46. Qxb3 cxb3 47. Nd1 Rc4 48. Ra8+ Kg7 49. Rd8 Rc2 50. Rd3 Bxb2 51. Rxb3 Rc1 52. Rxb2 Rxd1+ 53. Kg2 Rg1+ 54. Kxg1 d1Q+ 55. Kg2 Qd5+ 56. Kg1 h5 57. h4 f6 58. Rb1 g5 59. hxg5 fxg5 60. Re1 h4 61. gxh4 gxh4 62. Re3 Kh6 63. Kh2 Qf5 64. Kg2 Qg4+ 65. Kh2 Qf4+ 66. Kg2 Kh5 67. Rh3 Kg4 68. f3+ Kf5 69. Kf2 Qd2+ 70. Kf1 Kg5 71. Rh1 Qe3 72. Rh3 Kf4 73. Rxh4+ Kg3 74. Rg4+ Kh3 75. Ra4 Qxf3+ 76. Ke1 Qd3 0-1

[Event "TUR-ch (Women)"]
[Site "Antalya"]
[Date "2018.03.07"]
[Round "4"]
[White "Bahar, Fatma Sude"]
[Black "Alev, Gonulden Seda"]
[Result "1/2-1/2"]
[WhiteElo "1179"]
[BlackElo "1610"]
[PlyCount "68"]
[EventDate "2018.03.05"]
[EventType "swiss"]
[EventRounds "9"]
[EventCountry "TUR"]
[SourceTitle "CBM 183 Extra"]
[Source "ChessBase"]
[SourceDate "2018.04.19"]
[SourceVersion "1"]
[SourceVersionDate "2018.04.19"]
[SourceQuality "1"]

1. d4 Nf6 2. c4 e6 3. Nc3 d5 4. Nf3 c6 5. Bg5 Be7 6. e3 dxc4 7. Bxc4 Nbd7 8. Qc2 Nd5 9. Bxe7 Qxe7 10. a3 N5b6 11. Be2 e5 12. Qe4 exd4 13. Qxe7+ Kxe7 14. Nxd4 Nf6 15. 0-0 Rd8 16. Rfd1 Nfd5 17. Nxd5+ Rxd5 18. Nf3 Bg4 19. h3 Bh5 20. Rxd5 Nxd5 21. Nd4 Bxe2 22. Nxe2 Rd8 23. Rc1 Nb6 24. Nd4 Rd5 25. b4 Na4 26. Rc2 c5 27. bxc5 Rxc5 28. Rxc5 Nxc5 29. Kf1 g6 30. f3 a5 31. Ke2 Kd6 32. Kd2 Ne6 33. Nxe6 fxe6 34. a4 Kd5 1/2-1/2

[Event "TUR-chT 1st League"]
[Site "Konya"]
[Date "2017.07.21"]
[Round "7.11"]
[White "Ozsayin, Elif"]
[Black "Alev, Gonulden Seda"]
[Result "1-0"]
[WhiteElo "1552"]
[BlackElo "1606"]
[PlyCount "101"]
[EventDate "2017.07.17"]
[EventType "team-swiss"]
[EventRounds "9"]
[EventCountry "TUR"]
[SourceTitle "CBM 179 Extra"]
[Source "ChessBase"]
[SourceDate "2017.08.23"]
[SourceVersion "1"]
[SourceVersionDate "2017.08.23"]
[SourceQuality "1"]
[WhiteTeam "Ankara Ego"]
[BlackTeam "Antalya Olbia"]
[WhiteTeamCountry "TUR"]
[BlackTeamCountry "TUR"]

1. g3 c5 2. Bg2 Nc6 3. Nf3 g6 4. d3 Bg7 5. c3 e6 6. 0-0 Nge7 7. e4 0-0 8. Nbd2 d6 9. a4 e5 10. h3 Kh8 11. Nc4 b6 12. Qc2 h6 13. Nh4 Be6 14. Kh2 d5 15. Ne3 d4 16. Nc4 Kh7 17. Bd2 Ng8 18. Rad1 Rc8 19. Qb1 f5 20. exf5 gxf5 21. f4 e4 22. cxd4 cxd4 23. Rc1 e3 24. Be1 Nge7 25. Nf3 Nd5 26. b4 Qe7 27. b5 Ncb4 28. Nfe5 Rc7 29. Nc6 Nxc6 30. bxc6 Rg8 31. Qb5 Nf6 32. Bb4 Qf7 33. Bd6 Rcc8 34. c7 Bf8 35. Be5 Qg7 36. g4 fxg4 37. Be4+ Kh8 38. Rg1 g3+ 39. Kg2 Be7 40. Kh1 Bd7 41. Qb2 Bc5 42. Nxe3 Qe7 43. Nf5 Bxf5 44. Bxf5 Rcf8 45. Rce1 Qf7 46. Qb5 Qh5 47. Be4 Kg7 48. Qd7+ Rf7 49. c8Q Rxc8 50. Qxc8 Be7 51. Qg4+ 1-0

[Event "TUR-chT 1st League"]
[Site "Konya"]
[Date "2017.07.19"]
[Round "4.9"]
[White "Alev, Gonulden Seda"]
[Black "Dogan, Sevval"]
[Result "1-0"]
[WhiteElo "1606"]
[BlackElo "1823"]
[PlyCount "85"]
[EventDate "2017.07.17"]
[EventType "team-swiss"]
[EventRounds "9"]
[EventCountry "TUR"]
[SourceTitle "CBM 179 Extra"]
[Source "ChessBase"]
[SourceDate "2017.08.23"]
[SourceVersion "1"]
[SourceVersionDate "2017.08.23"]
[SourceQuality "1"]
[WhiteTeam "Antalya Olbia"]
[BlackTeam "Ordu Buyuksehir Belediye"]
[WhiteTeamCountry "TUR"]
[BlackTeamCountry "TUR"]

1. e4 c5 2. Nf3 Nc6 3. d4 cxd4 4. Nxd4 Nf6 5. Nc3 d6 6. Be2 e6 7. Be3 Be7 8. Qd2 a6 9. f3 Qc7 10. g4 Ne5 11. h4 Nc4 12. Bxc4 Qxc4 13. h5 b5 14. Nd1 Nd7 15. Nf2 Qc7 16. g5 Ne5 17. b3 Bd7 18. f4 Nc6 19. Nd3 Qb7 20. Nf2 Qc7 21. Nd3 Rc8 22. Rh2 Qb7 23. Nf2 Bd8 24. a3 Be7 25. Rg2 e5 26. Ne2 exf4 27. Nxf4 Ne5 28. 0-0-0 Bc6 29. Nd5 Bxd5 30. exd5 Qc7 31. Nd3 Nxd3+ 32. Qxd3 Qa5 33. b4 Qc7 34. Bd4 0-0 35. Bb2 Qc4 36. Qe3 Rfe8 37. Qf2 Rf8 38. Rd4 Qc7 39. Rf4 Qd8 40. Qd4 f6 41. gxf6 Rc4 42. Rxg7+ Kh8 43. Qd3 1-0

[Event "TUR-ch (Women)"]
[Site "Aksu"]
[Date "2017.03.07"]
[Round "2"]
[White "Alev, Gonulden Seda"]
[Black "Saglamer, Aysen"]
[Result "1-0"]
[WhiteElo "1654"]
[BlackElo "1328"]
[PlyCount "141"]
[EventDate "2017.03.06"]
[EventType "swiss"]
[EventRounds "9"]
[EventCountry "TUR"]
[SourceTitle "CBM 177 Extra"]
[Source "ChessBase"]
[SourceDate "2017.04.27"]
[SourceVersion "1"]
[SourceVersionDate "2017.04.27"]
[SourceQuality "1"]

1. e4 e5 2. Nf3 Nc6 3. Nc3 Nf6 4. d4 exd4 5. Nxd4 Bb4 6. Nxc6 bxc6 7. Bd3 0-0 8. 0-0 d5 9. exd5 cxd5 10. h3 c6 11. Qf3 Be6 12. Ne2 Be7 13. Nd4 Qb6 14. c3 c5 15. Nf5 Bxf5 16. Qxf5 Qe6 17. Qf3 Rab8 18. b3 Rfe8 19. Bf4 Bd6 20. Bxd6 Qxd6 21. Rad1 Qc7 22. Rd2 Re7 23. Rfd1 Rbe8 24. g3 Re1+ 25. Kh2 Rxd1 26. Rxd1 Qe5 27. Bb5 Rd8 28. Bd3 g6 29. Bc2 Kg7 30. Rd2 d4 31. cxd4 cxd4 32. Bd3 Qe1 33. Rd1 Qc3 34. Qe2 Re8 35. Qf3 Rc8 36. Qf4 Re8 37. Bb1 Re1 38. Rxe1 Qxe1 39. Bd3 Qa1 40. Bc4 Qxa2 41. Qxd4 Qa3 42. Qe5 Qf8 43. Qc7 Ne4 44. Qe5+ Nf6 45. Qc7 Ne4 46. Qxa7 Qe8 47. Qd4+ Nf6 48. b4 Qd7 49. Qxd7 Nxd7 50. Kg2 f5 51. f4 Nb6 52. Bb3 Kf6 53. Kf3 Ke7 54. Ke3 Kd6 55. Kd4 Nd7 56. b5 Nb6 57. Bg8 h6 58. Bh7 g5 59. Bxf5 gxf4 60. gxf4 Nd5 61. Ke4 Nc3+ 62. Kf3 Nxb5 63. Kg4 Nd4 64. Bg6 Ke6 65. Kh5 Nf5 66. h4 Kf6 67. Bxf5 Kxf5 68. Kxh6 Kf6 69. h5 Kf5 70. Kg7 Kxf4 71. h6 1-0

[Event "TUR Cup"]
[Site "Antalya"]
[Date "2017.01.30"]
[Round "4"]
[White "Alev, Gonulden Seda"]
[Black "Ozveren, Ali Bulent"]
[Result "1/2-1/2"]
[WhiteElo "1668"]
[BlackElo "1899"]
[PlyCount "47"]
[EventDate "2017.01.28"]
[EventType "swiss"]
[EventRounds "11"]
[EventCountry "TUR"]
[SourceTitle "CBM 176 Extra"]
[Source "ChessBase"]
[SourceDate "2017.03.02"]
[SourceVersion "1"]
[SourceVersionDate "2017.03.02"]
[SourceQuality "1"]

1. e4 c5 2. Nf3 a6 3. d4 cxd4 4. Nxd4 Nf6 5. Nc3 e5 6. Nb3 Bb4 7. Bd3 d5 8. exd5 Qxd5 9. 0-0 Bxc3 10. bxc3 0-0 11. c4 Qc6 12. h3 Be6 13. Bg5 Nbd7 14. Re1 Qc7 15. Qe2 e4 16. Bxe4 Bxc4 17. Bd3 Rfe8 18. Qd2 Bxd3 19. cxd3 Rad8 20. Rac1 Qd6 21. Rxe8+ Rxe8 22. Bf4 Qd5 23. Rc7 h6 24. Qc2 1/2-1/2

[Event "TUR Cup"]
[Site "Antalya"]
[Date "2017.01.29"]
[Round "3"]
[White "Aydin, Leyla"]
[Black "Alev, Gonulden Seda"]
[Result "0-1"]
[WhiteElo "1348"]
[BlackElo "1668"]
[PlyCount "76"]
[EventDate "2017.01.28"]
[EventType "swiss"]
[EventRounds "11"]
[EventCountry "TUR"]
[SourceTitle "CBM 176 Extra"]
[Source "ChessBase"]
[SourceDate "2017.03.02"]
[SourceVersion "1"]
[SourceVersionDate "2017.03.02"]
[SourceQuality "1"]

1. e4 c5 2. Nf3 d6 3. d4 cxd4 4. Nxd4 Nf6 5. Nc3 a6 6. Bd3 e6 7. Be3 Be7 8. h3 b5 9. Qd2 Bb7 10. f4 b4 11. Nce2 Nxe4 12. Qxb4 Nc5 13. 0-0 Nbd7 14. Nb3 Rb8 15. Qc3 0-0 16. Nxc5 Nxc5 17. Bxc5 dxc5 18. Rad1 Qb6 19. Kh1 Bf6 20. Qc4 a5 21. f5 Bd5 22. Qg4 Qc6 23. Nf4 c4 24. Be2 exf5 25. Qxf5 Be4 26. Qg4 Bxb2 27. Nh5 f5 28. Qg3 Rbe8 29. Rd2 Be5 30. Nf4 c3 31. Rdd1 Bxc2 32. Rde1 Be4 33. Bf3 Bxf3 34. Qxf3 Qxf3 35. Rxf3 Bxf4 36. Rxe8 Rxe8 37. Rxf4 Re1+ 38. Kh2 c2 0-1

[Event "Wch U20 Girls 31st"]
[Site "Kocaeli"]
[Date "2013.09.23"]
[Round "10"]
[White "Tuzi, Bruna"]
[Black "Alev, Gonulden Seda"]
[Result "1-0"]
[WhiteElo "1687"]
[BlackElo "1632"]
[PlyCount "45"]
[EventDate "2013.09.13"]
[EventType "swiss"]
[EventRounds "13"]
[EventCountry "TUR"]
[SourceTitle "CBM 156 Extra"]
[Source "ChessBase"]
[SourceDate "2013.10.22"]
[SourceVersion "1"]
[SourceVersionDate "2013.10.22"]
[SourceQuality "1"]

1. e4 e5 2. Nf3 Qe7 3. Bc4 h6 4. a3 g5 5. d4 d6 6. h3 Nf6 7. Nc3 c6 8. dxe5 dxe5 9. Be3 g4 10. hxg4 Nxg4 11. Qe2 Rg8 12. g3 Be6 13. Bxe6 Qxe6 14. 0-0-0 Nd7 15. Nh4 a5 16. Nf5 Nxe3 17. Qxe3 Rg6 18. Rh2 b5 19. f3 b4 20. Nb1 bxa3 21. Nxa3 Rb8 22. Qa7 Bc5 23. Qc7 1-0

[Event "Wch U20 Girls 31st"]
[Site "Kocaeli"]
[Date "2013.09.15"]
[Round "3"]
[White "Miladinovic, Lena"]
[Black "Alev, Gonulden Seda"]
[Result "1/2-1/2"]
[WhiteElo "2080"]
[BlackElo "1632"]
[PlyCount "77"]
[EventDate "2013.09.13"]
[EventType "swiss"]
[EventRounds "13"]
[EventCountry "TUR"]
[SourceTitle "CBM 156 Extra"]
[Source "ChessBase"]
[SourceDate "2013.10.22"]
[SourceVersion "1"]
[SourceVersionDate "2013.10.22"]
[SourceQuality "1"]

1. d4 Nf6 2. Nf3 g6 3. c4 Bg7 4. Nc3 0-0 5. e4 d6 6. Be2 e5 7. 0-0 Nbd7 8. Be3 Re8 9. dxe5 dxe5 10. b4 Qe7 11. a3 c6 12. h3 Nh5 13. Re1 Nf4 14. Bf1 b6 15. g3 Ne6 16. Qa4 Bb7 17. Rad1 f5 18. Bg2 Qf7 19. exf5 gxf5 20. Ng5 Nxg5 21. Bxg5 e4 22. Ne2 Ne5 23. Nf4 Nxc4 24. Qb3 Ne5 25. Qxf7+ Kxf7 26. Rd6 Bc8 27. Red1 Be6 28. g4 Bf8 29. gxf5 Bb3 30. Rf6+ Kg8 31. Rb1 Bd5 32. h4 Be7 33. Nxd5 cxd5 34. Re6 Bxg5 35. Rxe8+ Rxe8 36. hxg5 Nf7 37. Rd1 Re5 38. g6 hxg6 39. fxg6 1/2-1/2

[Event "Wch U20 Girls 31st"]
[Site "Kocaeli"]
[Date "2013.09.14"]
[Round "2"]
[White "Alev, Gonulden Seda"]
[Black "Khademalsharieh, Sarasadat"]
[Result "0-1"]
[WhiteElo "1632"]
[BlackElo "2303"]
[PlyCount "82"]
[EventDate "2013.09.13"]
[EventType "swiss"]
[EventRounds "13"]
[EventCountry "TUR"]
[SourceTitle "CBM 156 Extra"]
[Source "ChessBase"]
[SourceDate "2013.10.22"]
[SourceVersion "1"]
[SourceVersionDate "2013.10.22"]
[SourceQuality "1"]

1. e4 e5 2. Nf3 Nc6 3. Nc3 Nf6 4. d4 exd4 5. Nxd4 Bb4 6. Nxc6 bxc6 7. Bd3 d6 8. 0-0 Ng4 9. h3 Ne5 10. Be3 0-0 11. f4 Nxd3 12. cxd3 Bxc3 13. bxc3 f5 14. e5 Be6 15. Qc2 dxe5 16. fxe5 Qd5 17. d4 Rab8 18. Rf2 Qc4 19. Bg5 Rf7 20. Bc1 Bd5 21. Ba3 Be4 22. Qd2 Re8 23. Bc5 a5 24. Rc1 h6 25. Qe2 Bd3 26. Qf3 Re6 27. Qh5 f4 28. Qf3 Rg6 29. Rd1 Bf5 30. Rdf1 Be6 31. Qxc6 Kh7 32. Qf3 Bd5 33. Qd1 Qxc3 34. Qc2 Qe3 35. Kh2 Qg3+ 36. Kg1 f3 37. e6 Rf4 38. e7 fxg2 39. e8Q gxf1Q+ 40. Kxf1 Qg1+ 41. Ke2 Rxf2+ 0-1

[Event "TUR-ch"]
[Site "Antalya"]
[Date "2013.02.03"]
[Round "3"]
[White "Alev, Gonulden Seda"]
[Black "Sahin, Huseyin"]
[Result "0-1"]
[WhiteElo "1585"]
[BlackElo "1835"]
[PlyCount "62"]
[EventDate "2013.02.02"]
[EventType "swiss"]
[EventRounds "11"]
[EventCountry "TUR"]
[SourceTitle "CBM 152 Extra"]
[Source "ChessBase"]
[SourceDate "2013.02.25"]
[SourceVersion "1"]
[SourceVersionDate "2013.02.25"]
[SourceQuality "1"]

1. e4 c6 2. d4 d5 3. e5 c5 4. c3 Nc6 5. Bb5 Qb6 6. Bxc6+ bxc6 7. h3 e6 8. Nf3 Ba6 9. Qc2 Ne7 10. dxc5 Qxc5 11. Be3 Qb5 12. Nd4 Qb7 13. b4 Ng6 14. f4 Be7 15. Nf3 0-0 16. Nbd2 Rac8 17. Nb3 Nh4 18. Qf2 Nxf3+ 19. Qxf3 f6 20. Qg4 fxe5 21. Qxe6+ Kh8 22. fxe5 Qb5 23. 0-0-0 Qc4 24. Kb2 Rcd8 25. Qg4 Qb5 26. Nd4 Qa4 27. Ne6 Rf7 28. Rd4 c5 29. Rf4 cxb4 30. Rxf7 Qa3+ 31. Kb1 Bd3+ 0-1